BIBLIOTHÈQUE DE LA MAISON DU MEXIQUE

Logo 1 Logo 2

La política social en México (notice nᵒ 1048)

détails MARC
000 -Sello discográfico
campo de control de longitud fija 00976nam a2200313 4500
005 - Identificación de versión
campo de control 20251016082600.0
010 ## - Número Estándar Internacional de Libros (ISBN)
Número (ISBN) 968-16-4530-8
035 ## - Otros números de control del sistema
Número de control del sistema 21810
099 ## - fechas locales
Tipo de ítem Koha LIBRO
100 ## - Datos de procesamiento general
Datos de procesamiento general 19960730d1994 m y1spay5003 ba
105 ## - Campo de datos codificados: Material textual, monográfico
Datos codificados de monografía a 001zy
200 1# - Título y mención de responsabilidad
Título propio La política social en México
Designación general del material texto impreso
Otra información del título 1989-1994
Primer mención de responsabilidad Compilación Arturo Warman
205 ## - Declaración de edición
Declaración de edición 1a ed
210 ## - Publicación, distribución, etc.
Lugar de publicación, distribución, etc. México
Nombre del editor, distribuidor, etc. Fondo de Cultura Económica
Fecha de publicación, distribución, etc. 1994
215 ## - Descripción física
Designación de material específico y extensión del ítem 579 p
Otras características físicas il., cuadros
Dimensiones 21 cm
345 ## - Nota de información de adquisición
Fuente de adquisición/dirección de la suscripción [OBSOLETO] Donación del FCE
410 #1 - Series
Título Una visión de la modernización de México
607 ## - Nombre geográfico utilizado como tema
Elemento de entrada México
Subdivisión temática Política social
Subdivisión cronológica 1988-
Número Koha 2815
607 ## - Nombre geográfico utilizado como tema
Elemento de entrada México
Subdivisión temática Política y gobierno
Subdivisión cronológica 1988-
Número Koha 2809
660 ## - Código de área geográfica
Código MX
702 ## - Nombre personal - Responsabilidad secundaria
Elemento de entrada Warman Gryj
Parte del nombre distinta del elemento de entrada Arturo
Fechas 1937-2003
Número Koha 1980
801 #0 - Fuente de origen
Agencia cm
900 ## -
-- 1/12785
900 ## -
-- 710962278\\300796
942 ## - ELEMENTOS DE ENTRADA SECUNDARIOS (KOHA)
Tipo de ítem Koha Livre
996 ## -
-- MEX
-- 751145101
-- MMAG
-- 005889
-- 309.172 W277P
-- 20220118LIV
Exemplaires
Estatus retirado Estado de daño Estado de pérdida Fecha de adquisición Biblioteca de origen Biblioteca actual Ubicación en estantería Código de barras Precio de reemplazo Signatura topográfica completa No para préstamo Tipo de ítem Koha Nota pública Nota no pública
      05/08/2025 Casa México Paris Casa México Paris   005889 05/08/2025 309.172 W277P   Livre 20220118LIV 751145101